000
00268nam a2200121Ia 4500
008
190216s9999||||xx |||||||||||||| ||und||
100
_a
Gouri Shankar Prafulla
245
0
_a
Hindi-Sagarom Ki Ghoj
260
_b
Parag
300
_a
133
650
_a
Hindi
942
_c
BK
999
_c
16393
_d
16393